000 00401nam a22001337a 4500
020 _a0072440783
082 _222
_a658.4038
100 _aO'Brien, James A.
245 _aManagement information systems :
_bmanaging information technology in the e-business enterprise /
250 _a5th ed.
260 _aNew York,
_bMcGraw Hill,
_cc2002.
300 _axxviii, 530p. ;
_bill. ;
_c28 cm.
942 _2ddc
_cMAG
999 _c2690
_d2690